Zelená jašterica

Bibliographic Details
Main Author: Guillén, Nicolás, 1902-1989 (Author)
Other Authors: Oleríny, Vladimír, 1921-2016 (Translator), Žáry, Štefan, 1918-2007 (Translator)
Format: Article
Language:Slovak
Spanish
Subjects:

MARC

LEADER 00000nab a2200000 a 4500
001 vtls000180565
003 SK-MaSNL
005 20260304025150.0
008 150430c1984 xo 0 slo
015 |a SNBRB19rr/mm-uuuuu 
035 |a CL0190678 
040 |a SNKBUCL  |b slo  |c SNKBUCL  |e AACR2 
041 1 |a slo  |h spa 
044 |a xo  |c SK 
080 |a 860 (729.1)-1  |2 1981 
100 1 |a Guillén, Nicolás,  |d 1902-1989  |4 aut  |9 239949 
245 1 0 |a Zelená jašterica  |c Nicolás Guillén ; preložili Štefan Žáry, Vladimír Oleríny 
655 7 |a články z novín a časopisov  |2 snkbucl  |9 267496 
655 7 |a články z odboru literárna veda a krásna literatúra  |2 snkbucl  |9 770045 
655 7 |a kubánska poézia  |2 snkbucl  |9 398472 
700 1 |a Oleríny, Vladimír,  |d 1921-2016  |4 trl  |9 57415 
700 1 |a Žáry, Štefan,  |d 1918-2007  |4 trl  |9 105418 
773 0 |t Film a divadlo  |g Roč. 28, č. 5 (1984), s. 29 
850 |a Slovenská národná knižnica 
852 |a Slovenská národná knižnica 
958 |a RK 
958 |a LX 
958 |a CU 
992 |a RBX 
999 |c 2625728  |d 2627658